<?xml version="1.0" encoding="UTF-8"?>
<resp>
  <nextPage>https://data.bn.org.pl/api/networks/bibs.marcxml?marc=001+b00001150002373&amp;sinceId=1150002374</nextPage>
  <collection>
    <record xmlns='http://www.loc.gov/MARC21/slim'><leader>01138namZa2200373ZiZ4500</leader><controlfield tag='001'>b00001150002373</controlfield><controlfield tag='005'>20251018080151.5</controlfield><controlfield tag='008'>230609s        pl           |000 0 pol c</controlfield><controlfield tag='009'>9913261115505606</controlfield><datafield ind1=' ' ind2=' ' tag='020'><subfield code='a'>8371692846</subfield></datafield><datafield ind1=' ' ind2=' ' tag='035'><subfield code='a'>KR_1KR_1_20120318001315073804-48omnis_kr</subfield></datafield><datafield ind1=' ' ind2=' ' tag='035'><subfield code='a'>KR_1_20120318001315073804</subfield><subfield code='9'>ExL</subfield></datafield><datafield ind1=' ' ind2=' ' tag='035'><subfield code='a'>(PL)b00001150002373</subfield></datafield><datafield ind1=' ' ind2=' ' tag='040'><subfield code='a'>KR_1</subfield><subfield code='c'>KR_1</subfield></datafield><datafield ind1='1' ind2=' ' tag='041'><subfield code='a'>pol</subfield><subfield code='h'>eng</subfield></datafield><datafield ind1=' ' ind2=' ' tag='080'><subfield code='a'>821.111(73)-3 </subfield></datafield><datafield ind1='1' ind2=' ' tag='100'><subfield code='a'>Evanovich, Janet</subfield></datafield><datafield ind1='1' ind2='0' tag='245'><subfield code='a'>Po drugie dla forsy /</subfield><subfield code='c'>Janet Evanovich ; przekł. Arlena Sokalska, Dariusz Ćwiklak.</subfield></datafield><datafield ind1=' ' ind2=' ' tag='260'><subfield code='a'>Warszawa :</subfield><subfield code='b'>&quot;Amber&quot;,</subfield><subfield code='c'>1997.</subfield></datafield><datafield ind1=' ' ind2=' ' tag='300'><subfield code='a'>215 s. ;</subfield><subfield code='c'>21 cm.</subfield></datafield><datafield ind1='1' ind2=' ' tag='490'><subfield code='a'>Sensacja / &quot;Amber&quot;</subfield></datafield><datafield ind1=' ' ind2=' ' tag='500'><subfield code='a'>p </subfield></datafield><datafield ind1=' ' ind2=' ' tag='650'><subfield code='a'>Powieść amerykańska</subfield><subfield code='y'>20 w. </subfield></datafield><datafield ind1=' ' ind2=' ' tag='700'><subfield code='a'>Ćwiklak, Dariusz</subfield><subfield code='e'>Tł.  </subfield></datafield><datafield ind1='1' ind2=' ' tag='700'><subfield code='a'>Sokalska, Arlena</subfield><subfield code='e'>Tł. </subfield></datafield><datafield ind1=' ' ind2='0' tag='830'><subfield code='a'>Sensacja (Wydawnictwo Amber)</subfield></datafield><datafield ind1=' ' ind2=' ' tag='852'><subfield code='b'>48OMNIS_NETWORK</subfield><subfield code='8'>9913261115505606</subfield></datafield><datafield ind1=' ' ind2=' ' tag='852'><subfield code='b'>48OMNIS_KR</subfield><subfield code='8'>991000023729708216</subfield></datafield><datafield ind1=' ' ind2=' ' tag='920'><subfield code='a'>83-7169-284-6</subfield></datafield></record>
  </collection>
</resp>
